000 00320nam a2200133Ia 4500
082 _a331.25 MIT
100 _aMitchell, John K.
_92322
245 _aPension Schemes
260 _aLondon:
_bStone & Cox
_c1968
300 _a107p. ;21cm
500 _a includes Index
650 _aPensionslabor economics
_92323
942 _cBK
999 _c5826
_d5826